Christianity and social engagement in China /

Bibliographic Details
Main Authors: Lim, Francis K. H., 1949- (Author), Sng, Bee Bee (Author)
Corporate Author: EBSCOhost
Format: eBook
Language:English
Published: Abingdon, Oxon ; New York, NY : Routledge, 2021.
Series:Routledge religion in contemporary Asia series ; 10.
Subjects:
Online Access:Connect to the full text of this electronic book

MARC

Tag First Indicator Second Indicator Subfields
LEADER 00000nam a2200000 i 4500
001 in00005675421
003 OCoLC
005 20210121125934.9
006 m do u
007 cr |||||||||||
008 200720t20212021enka ob 001 0 eng
010 |a  2020031809 
024 8 |a 90103213561 
040 |a DLC  |b eng  |e rda  |c DLC  |d OCLCO  |d OCLCF  |d TYFRS  |d OCLCO  |d TYFRS  |d YDX 
020 |a 9781003006503  |q electronic book 
020 |a 1003006507  |q electronic book 
020 |a 9781000297393  |q electronic book 
020 |a 100029739X  |q electronic book 
020 |a 9781000297430  |q electronic book 
020 |a 1000297438  |q electronic book 
020 |a 9781000297416  |q electronic book 
020 |a 1000297411  |q electronic book 
020 |z 9780367439224  |q hardcover 
035 |a (OCoLC)1195819685 
037 |a 9781003006503  |b Taylor & Francis 
042 |a pcc 
043 |a a-cc--- 
050 4 |a BR1285  |b .L4645 2021 
072 7 |a SOC  |x 053000  |2 bisacsh 
072 7 |a HRA  |2 bicssc 
082 0 0 |a 306.6/30951  |2 23 
100 1 |a Lim, Francis K. H.,  |d 1949-  |e author. 
245 1 0 |a Christianity and social engagement in China /  |c Francis K.G. Lim and Bee Bee Sng. 
264 1 |a Abingdon, Oxon ;  |a New York, NY :  |b Routledge,  |c 2021. 
264 4 |c ©2021 
300 |a 1 online resource ( ix, 134 pages) :  |b illustrations. 
336 |a text  |b txt  |2 rdacontent 
337 |a computer  |b c  |2 rdamedia 
338 |a online resource  |b cr  |2 rdacarrier 
490 1 |a Routledge religion in contemporary Asia series ;  |v 10 
504 |a Includes bibliographical references and index. 
532 1 |3 EBSCOhost  |a "EBSCO evaluates our products based on the Web Content Accessibility Guidelines (WCAG) and the related Section 508 and EN 301 549 regulations in the US and EU. Most EBSCO products are substantially conformant with WCAG 2.2 level AA." Source: https://connect.ebsco.com/s/article/EBSCO-VPATs?language=en_US. Last accessed April 22, 2025. 
545 0 |a Francis K.G. Lim is Associate Professor in the Social Sciences at Nanyang Technological University, Singapore. Bee Bee Sng is an Adjunct Lecturer in Research Methodology and Academic Writing Skills in several universities in Singapore and supervises trainee teachers at the National Institute of Education, Singapore. 
588 |a Description based on online resource; title from digital title page (viewed on January 21, 2021). 
650 0 |a Church and state  |z China  |x History. 
650 0 |a Christianity and politics  |z China  |x History. 
650 0 |a Christians  |x Political activity  |z China. 
651 0 |a China  |x Church history. 
650 7 |a Christianity and politics  |2 fast  |0 (OCoLC)fst00859736 
650 7 |a Christians  |x Political activity  |2 fast  |0 (OCoLC)fst00859773 
650 7 |a Church and state  |2 fast  |0 (OCoLC)fst00860509 
651 7 |a China  |2 fast  |0 (OCoLC)fst01206073 
655 7 |a Electronic books.  |2 local 
700 1 |a Sng, Bee Bee,  |e author. 
710 2 |a EBSCOhost  |p Professional and Applied Computing 2025. 
776 1 8 |i Print version:  |a Lim, Francis K. H., 1949-  |t Christianity and social engagement in China  |d Abingdon, Oxon ; New York : Routledge, 2021.  |z 9780367439224  |w (DLC) 2020031808 
830 0 |a Routledge religion in contemporary Asia series ;  |v 10. 
856 4 0 |u http://proxy.library.tamu.edu/login?url=https://search.ebscohost.com/login.aspx?direct=true&scope=site&db=nlebk&db=nlabk&AN=2690575  |z Connect to the full text of this electronic book  |t 0 
945 |b 605165 
955 |a YBP purchased EBSCO DDA e-records 
980 |b ebook  |c 90103213561  |f DDA  |g 565702  |k USD  |m 184.80  |q 1  |s AcqMono Conventional  |t Demand driven acquisitions (DDA)  |u Vendor order reference number  |v ZYBP  |y PDA  |z Electronic resource 
999 f f |i 90c6465f-dc93-4ef2-97e4-75a7e77e7cc9  |s a9d16da7-ce41-440c-b854-2491983effb5  |t 0 
952 f f |a Texas A&M University  |b College Station  |c Electronic Resources  |s www_evans  |d Available Online  |t 0  |e BR1285 .L4645 2021  |h Library of Congress classification 
998 f f |a BR1285 .L4645 2021  |t 0  |l Available Online